[Event "World Rapid Women 2017"]
[Site "Riyadh KSA"]
[Date "2017.12.27"]
[Round "10.40"]
[White "Belenkaya, Dina"]
[Black "Zatonskih, Anna"]
[Result "0-1"]
[WhiteElo "2220"]
[BlackElo "2388"]
[EventDate "2017.12.26"]

1. e4 e5 2. Nf3 Nf6 3. Nc3 Nc6 4. d4 exd4 5. Nxd4 Bb4 6. Nxc6 bxc6 7. Bd3
d5 8. exd5 cxd5 9. O-O O-O 10. h3 c6 11. Qf3 Bd6 12. Bf4 Rb8 13. b3 Rb4 14.
Ne2 a5 15. c3 Rb8 16. Rad1 c5 17. Bc2 Re8 18. Bxd6 Qxd6 19. Nf4 Bb7 20. Qg3
Qe5 21. Rd2 g5 22. Ne2 Ba6 23. f4 Qe3+ 24. Qxe3 Rxe3 25. fxg5 Nh5 26. Rf2
Rbe8 27. Bd1 R8e5 28. g4 Ng3 29. Nxg3 Rxg3+ 30. Kh2 Ree3 31. Rf6 Rxh3+ 32.
Kg2 Bd3 33. Kf2 Be4 34. c4 d4 35. Re2 Rh2+ 36. Ke1 Rhxe2+ 37. Bxe2 d3 38.
Rf4 Rxe2+ 39. Kd1 Bg6 40. a3 Rb2 41. Rf6 Rxb3 42. Rc6 Rb1+ 43. Kd2 Rb2+ 44.
Kd1 Be4 45. Rxc5 Bf3+ 46. Kc1 d2+ 47. Kxb2 d1=Q 0-1

[Event "World Rapid Women 2017"]
[Site "Riyadh KSA"]
[Date "2017.12.27"]
[Round "10.41"]
[White "Bulmaga, Irina"]
[Black "Mammadzada, Gunay"]
[Result "0-1"]
[WhiteElo "2347"]
[BlackElo "2254"]
[EventDate "2017.12.26"]

1. e4 c5 2. Be2 Nc6 3. f4 g6 4. Nf3 Bg7 5. O-O d6 6. c3 Nf6 7. d3 O-O 8.
Kh1 b6 9. Be3 Bb7 10. Nbd2 e6 11. d4 Qe7 12. Bf2 Ng4 13. Bg1 Rac8 14. h3
Nf6 15. a3 Nh5 16. Bh2 cxd4 17. cxd4 Nxd4 18. Nxd4 Bxd4 19. Bxh5 gxh5 20.
Rb1 f5 21. e5 dxe5 22. fxe5 Be3 23. Qe2 f4 24. Nf3 Qg7 25. Bg1 Be4 26. Bxe3
Bxb1 27. Bf2 Ba2 28. Rd1 Bd5 29. Bh4 Qg6 30. Bf6 Rc2 31. Qf1 Rxb2 32. Nh4
Qe4 33. Rc1 Rxf6 34. exf6 Kf7 35. Re1 Qc4 36. Qg1 Qc3 37. Rf1 Qxh3+ 38. Qh2
Qxh2+ 39. Kxh2 e5 40. Rd1 Bxg2 41. Nxg2 f3 42. Kg3 fxg2 43. Kh2 Kxf6 44.
Rd7 a5 45. Rxh7 Kg5 46. Re7 Kf4 47. Rf7+ Ke3 48. Rf5 e4 49. Rxh5 Kd4 50.
Rh8 e3 51. Rd8+ Kc3 52. Rd6 e2 53. Rc6+ Kd2 54. Rd6+ Kc1 55. Re6 Kd1 0-1

[Event "World Rapid Women 2017"]
[Site "Riyadh KSA"]
[Date "2017.12.27"]
[Round "10.42"]
[White "Enkhtuul, Altan-Ulzii"]
[Black "Ordaz Valdes, Lisandra Teresa"]
[Result "1-0"]
[WhiteElo "2206"]
[BlackElo "2330"]
[EventDate "2017.12.26"]

1. d4 d5 2. Nf3 Nf6 3. g3 c5 4. c4 cxd4 5. cxd5 Qa5+ 6. Qd2 Qxd5 7. Qxd4
Nc6 8. Qxd5 Nxd5 9. a3 e5 10. e4 Nf6 11. Nc3 Bc5 12. Bb5 O-O 13. Be3 Nd4
14. Bxd4 Bxd4 15. Nxd4 exd4 16. Ne2 Nxe4 17. Nxd4 Bh3 18. f3 Rad8 19. Rd1
Nd6 20. Be2 Nf5 21. Nb5 a6 22. Nc3 Nd4 23. Kf2 Nxe2 24. Nxe2 Be6 25. Nd4
Bd5 26. Rhe1 Rfe8 27. Nf5 Rxe1 28. Kxe1 Re8+ 29. Kf2 Be6 30. Ne3 Rc8 31.
Rd2 g6 32. f4 h5 33. Kf3 Kg7 34. Kg2 Rc1 35. h3 Re1 36. Nc2 Bd5+ 37. Kf2
Rh1 38. Rxd5 Rh2+ 39. Ke3 Rxc2 40. Rd2 Rc1 41. Rd7 b5 42. Rd6 Rb1 43. b4
Rb3+ 44. Rd3 Rb2 45. Kd4 Rf2 46. Ke4 Ra2 47. f5 gxf5+ 48. Kxf5 Rc2 49. Kg5
Rc6 50. Kxh5 Rg6 51. g4 a5 52. g5 axb4 53. axb4 Rb6 54. h4 Rb8 55. Kg4 Rc8
56. h5 Rc4+ 57. Kf5 Rxb4 58. h6+ Kg8 59. Rd8+ Kh7 60. Rf8 Rb1 61. Rxf7+ Kg8
62. Kg6 Rc1 63. h7+ 1-0

[Event "World Rapid Women 2017"]
[Site "Riyadh KSA"]
[Date "2017.12.27"]
[Round "10.43"]
[White "Gara, Anita"]
[Black "Nguyen, Thi Mai Hung"]
[Result "0-1"]
[WhiteElo "2367"]
[BlackElo "2314"]
[EventDate "2017.12.26"]

1. e4 c5 2. c3 g6 3. d4 cxd4 4. cxd4 d5 5. exd5 Nf6 6. Nc3 Nxd5 7. Qb3 Nb6
8. Nf3 Bg7 9. Bb5+ Bd7 10. a4 O-O 11. a5 Nc8 12. Bxd7 Qxd7 13. O-O Nc6 14.
d5 Ne5 15. Nxe5 Bxe5 16. Bh6 Rd8 17. Rfe1 Bh8 18. Rad1 Nd6 19. h3 Rac8 20.
Bg5 Re8 21. Ne4 Nc4 22. Re2 Nxa5 23. Qf3 Nc4 24. b3 Nd6 25. Nxd6 exd6 26.
Rde1 Rxe2 27. Rxe2 Be5 28. Bf4 Re8 29. Bxe5 dxe5 30. Rd2 Qd6 31. Qe3 a6 32.
h4 h5 33. g3 Kg7 34. Kg2 Rc8 35. Qd3 Rc5 36. Qf3 a5 37. Qe4 b5 38. Rd3 f5
39. Qe1 Rxd5 40. Rc3 b4 41. Rc8 Rd1 42. Qe3 Qd5+ 43. f3 Qd2+ 44. Qxd2 Rxd2+
45. Kg1 Rd3 46. Rc5 Rxf3 47. Kg2 Rxb3 48. Rxa5 e4 49. Rb5 Rb2+ 50. Kf1 b3
51. Rb6 Kf7 52. Ke1 Rb1+ 53. Ke2 b2 54. Kf2 Rh1 0-1

[Event "World Rapid Women 2017"]
[Site "Riyadh KSA"]
[Date "2017.12.27"]
[Round "10.44"]
[White "Nakhbayeva, Guliskhan"]
[Black "Gu, Xiaobing"]
[Result "1-0"]
[WhiteElo "2285"]
[BlackElo "2332"]
[EventDate "2017.12.26"]

1. d4 Nf6 2. c4 g6 3. Nc3 Bg7 4. e4 d6 5. h3 O-O 6. Bg5 h6 7. Be3 Na6 8.
Bd3 e5 9. d5 Nd7 10. g4 Nac5 11. Bc2 a5 12. Qd2 Kh7 13. Nge2 Nb6 14. b3 a4
15. Rb1 axb3 16. axb3 Qh4 17. Ng3 Bf6 18. Nb5 Bd8 19. Kf1 Bd7 20. Nc3 Bg5
21. Kg2 Kg7 22. Qe2 Ra3 23. Nf1 f5 24. f3 Bxe3 25. Nxe3 f4 26. Ned1 h5 27.
Qf2 Qf6 28. Qe2 Rh8 29. Nf2 Qh4 30. Nb5 Ra2 31. Nxc7 Qg3+ 32. Kf1 hxg4 33.
hxg4 Bxg4 34. Rg1 Bxf3 35. Qd2 Nxe4 36. Ne6+ Kg8 37. Nxe4 Qh3+ 38. Ke1 Qh4+
39. Nf2 Rh6 40. Qc3 Qh2 41. Rf1 Bg2 42. Ra1 Rxa1+ 43. Qxa1 Bxf1 44. Qa7 Rh8
45. Qb8+ Kf7 46. Qxb7+ Ke8 47. Bxg6# 1-0

[Event "World Rapid Women 2017"]
[Site "Riyadh KSA"]
[Date "2017.12.27"]
[Round "10.46"]
[White "Papp, Petra"]
[Black "Fierro Baquero, Martha L."]
[Result "1-0"]
[WhiteElo "2268"]
[BlackElo "2318"]
[EventDate "2017.12.26"]

1. e4 c5 2. Nf3 g6 3. d4 cxd4 4. Nxd4 Nc6 5. Nc3 Bg7 6. Be3 Nf6 7. Bc4 O-O
8. Bb3 d6 9. f3 Bd7 10. Qd2 Nxd4 11. Bxd4 b5 12. a4 b4 13. Nd5 Nxd5 14.
exd5 Bxd4 15. Qxd4 Qa5 16. Kf2 Rac8 17. Rhe1 Rfe8 18. Re2 Qc5 19. Qxc5 Rxc5
20. a5 Kf8 21. Re4 Bf5 22. Rxb4 Bxc2 23. Bc4 Rec8 24. b3 Bf5 25. g4 Bd7 26.
Rb7 R8c7 27. a6 Ke8 28. Ke3 Kd8 29. Kd4 e5+ 30. Kc3 Bc8 31. Rxc7 Rxc7 32.
Ra4 f5 33. g5 Re7 34. Bb5 e4 35. fxe4 fxe4 36. h4 Kc7 37. Rc4+ Kb6 38. Kb4
Bd7 39. Bxd7 Rxd7 40. Rc6# 1-0

[Event "World Rapid Women 2017"]
[Site "Riyadh KSA"]
[Date "2017.12.27"]
[Round "10.47"]
[White "Albzoor, Anwar"]
[Black "Badelka, Olga"]
[Result "0-1"]
[WhiteElo "1558"]
[BlackElo "2156"]
[EventDate "2017.12.26"]

1. Nf3 c5 2. c4 Nc6 3. Nc3 e5 4. d3 d6 5. g3 g6 6. Bg2 Bg7 7. O-O Nge7 8.
Bd2 O-O 9. Rb1 Rb8 10. a3 a6 11. b4 cxb4 12. axb4 b5 13. cxb5 axb5 14. Qc1
d5 15. Bh6 Be6 16. Bxg7 Kxg7 17. Ng5 Rc8 18. Qb2 Nd4 19. e3 Rxc3 20. exd4
exd4 21. Rfe1 Qd6 22. Nf3 Qb6 23. Red1 Bf5 24. Bf1 Qf6 25. Nxd4 Qxd4 26.
Rbc1 Rfc8 27. Rxc3 Qxc3 28. Qxc3+ Rxc3 29. d4 Rb3 30. Bxb5 Rxb4 31. Be2 Nc6
0-1

[Event "World Rapid Women 2017"]
[Site "Riyadh KSA"]
[Date "2017.12.28"]
[Round "11.1"]
[White "Ju, Wenjun"]
[Black "Dzagnidze, Nana"]
[Result "1-0"]
[WhiteTitle "GM"]
[BlackTitle "GM"]
[WhiteElo "2567"]
[BlackElo "2522"]
[WhiteFideId "8603006"]
[BlackFideId "13601903"]
[EventDate "2017.12.26"]

1. d4 Nf6 2. c4 e6 3. g3 d5 4. Nf3 Bb4+ 5. Bd2 Bd6 6. Bg2 O-O 7. O-O dxc4 8. Qc2
Nc6 9. Qxc4 e5 10. d5 Ne7 11. Nc3 h6 12. Rfd1 a6 13. a4 c6 14. dxc6 Nxc6 15. Be3
Be6 16. Qh4 Bb3 17. Rd2 Qe7 18. g4 e4 19. g5 exf3 20. gxf6 Qxf6 21. Qxf6 gxf6
22. Rxd6 fxg2 23. Bxh6 Rfe8 24. Rxf6 Rad8 25. Kxg2 Rd4 26. h3 Kh7 27. Be3 Rh4
28. Rf4 Rh5 29. Kh2 Be6 30. h4 Ne5 31. Ne4 Rh6 32. Rg1 Rg8 33. Ng5+ Rxg5 34.
Rxg5 Ng6 35. Rd4 Nxh4 36. Rg7+ 1-0

[Event "World Rapid Women 2017"]
[Site "Riyadh KSA"]
[Date "2017.12.28"]
[Round "11.2"]
[White "Danielian, Elina"]
[Black "Harika, Dronavalli"]
[Result "0-1"]
[WhiteTitle "GM"]
[BlackTitle "GM"]
[WhiteElo "2413"]
[BlackElo "2504"]
[WhiteFideId "13300210"]
[BlackFideId "5015197"]
[EventDate "2017.12.26"]

1. d4 d6 2. Nf3 g6 3. e4 Nf6 4. Nc3 c6 5. Be2 Bg7 6. O-O O-O 7. h3 Qc7 8. e5
dxe5 9. dxe5 Rd8 10. Qe1 Nd5 11. Bc4 h6 12. Ne4 b5 13. Bb3 a5 14. a3 a4 15. Ba2
Bf5 16. g4 Bxe4 17. Qxe4 e6 18. Re1 Nd7 19. Bd2 Rab8 20. Rad1 c5 21. Bf4 c4 22.
Rxd5 exd5 23. e6 dxe4 24. Bxc7 Nc5 25. e7 Re8 26. Bxb8 Rxb8 27. Rd1 Bf6 28. Ne5
Bxe7 29. Nc6 Rb7 30. Rd5 Bf8 31. Nd4 Kh7 32. b4 axb3 33. cxb3 cxb3 34. Nxb3 Na4
35. Nd4 Nc3 36. Rd8 Be7 37. Bd5 Ra7 38. Ra8 Bc5 39. Rxa7 Bxa7 40. Nc6 e3 41. Kf1
Bc5 42. Bxf7 exf2 43. Ne5 Kg7 44. Bxg6 Bd6 45. Nf7 Bg3 46. Bh5 Nd5 0-1

[Event "World Rapid Women 2017"]
[Site "Riyadh KSA"]
[Date "2017.12.28"]
[Round "11.4"]
[White "Lei, Tingjie"]
[Black "Pham, Le Thao Nguyen"]
[Result "1-0"]
[WhiteTitle "GM"]
[BlackTitle "IM"]
[WhiteElo "2528"]
[BlackElo "2354"]
[WhiteFideId "8605114"]
[BlackFideId "12401226"]
[EventDate "2017.12.26"]

1. e4 c5 2. Nf3 e6 3. d4 cxd4 4. Nxd4 a6 5. Bd3 Bc5 6. Nb3 Be7 7. Qg4 g6 8. Qe2
d6 9. O-O Nd7 10. c4 Ngf6 11. Nc3 O-O 12. f4 Qc7 13. Be3 b6 14. Bf2 Bb7 15. Rfe1
Rfe8 16. Rac1 Bf8 17. Nd4 Nh5 18. Be3 e5 19. Nd5 Qd8 20. fxe5 dxe5 21. Nb3 Nc5
22. Nxc5 Bxc5 23. Qf2 Bxe3 24. Qxe3 Re6 25. b4 Nf4 26. Bf1 Bxd5 27. exd5 Re7 28.
g3 Nh5 29. Bg2 e4 30. Qd4 f5 31. c5 b5 32. d6 Rd7 33. Red1 Ng7 34. c6 Rf7 35.
Qd5 Ne8 36. c7 1-0

[Event "World Rapid Women 2017"]
[Site "Riyadh KSA"]
[Date "2017.12.28"]
[Round "11.5"]
[White "Huang, Qian"]
[Black "Paehtz, Elisabeth"]
[Result "1/2-1/2"]
[WhiteTitle "WGM"]
[BlackTitle "IM"]
[WhiteElo "2438"]
[BlackElo "2464"]
[WhiteFideId "8602689"]
[BlackFideId "4641833"]
[EventDate "2017.12.26"]

1. d4 g6 2. Nf3 Bg7 3. g3 d6 4. Bg2 Nd7 5. O-O e5 6. c4 Ne7 7. Nc3 O-O 8. e4
exd4 9. Nxd4 Nc6 10. Nxc6 bxc6 11. Qc2 Ne5 12. Nd1 c5 13. Ne3 Nc6 14. Bd2 Nd4
15. Qd3 Rb8 16. Bc3 Bb7 17. Nc2 Nxc2 18. Qxc2 Qe7 19. Rfe1 Bxc3 20. Qxc3 Qe5 21.
Qc2 Rfe8 22. Re3 Bc6 23. Rb1 a5 24. a4 h5 25. h4 Bd7 26. b3 Qf6 27. Rbe1 Re7 28.
Qd2 Rb4 29. Rf3 Qe5 30. Rfe3 Bg4 31. Kh2 Qd4 32. Rd3 Qf6 33. Rde3 Qd4 34. Rd3
Qf6 35. Rde3 Qd4 1/2-1/2

[Event "World Rapid Women 2017"]
[Site "Riyadh KSA"]
[Date "2017.12.28"]
[Round "11.6"]
[White "Atalik, Ekaterina"]
[Black "Guo, Qi"]
[Result "1-0"]
[WhiteTitle "IM"]
[BlackTitle "IM"]
[WhiteElo "2451"]
[BlackElo "2396"]
[WhiteFideId "4130189"]
[BlackFideId "8604002"]
[EventDate "2017.12.26"]

1. d4 Nf6 2. Nf3 d5 3. c4 e6 4. Nc3 Bb4 5. Bd2 O-O 6. e3 b6 7. Be2 Bb7 8. O-O a6
9. Rc1 Nbd7 10. Nxd5 Nxd5 11. cxd5 Bxd2 12. Nxd2 Bxd5 13. Bf3 Bxf3 14. Qxf3 c5
15. Nb3 cxd4 16. Nxd4 Rc8 17. Nc6 Qg5 18. Qg3 Qxg3 19. hxg3 Kh8 20. Rfd1 Nf6 21.
Ne5 Kg8 22. f3 g5 23. Kf2 Kg7 24. e4 g4 25. Ke3 gxf3 26. gxf3 h6 27. g4 Rh8 28.
Rxc8 Rxc8 29. Rd6 Rc5 30. Nd3 Rb5 31. b4 h5 32. a4 Rg5 33. gxh5 Rxh5 34. Rxb6
Rh3 35. Nf2 Rg3 36. Rxa6 Nh7 37. Nd3 Ng5 38. Ne1 e5 39. b5 f5 40. exf5 e4 41.
Kf2 Rh3 42. Rg6+ 1-0

[Event "World Rapid Women 2017"]
[Site "Riyadh KSA"]
[Date "2017.12.28"]
[Round "11.8"]
[White "Charochkina, Daria"]
[Black "Abdumalik, Zhansaya"]
[Result "0-1"]
[WhiteTitle "IM"]
[BlackTitle "IM"]
[WhiteElo "2317"]
[BlackElo "2449"]
[WhiteFideId "4180917"]
[BlackFideId "13703544"]
[EventDate "2017.12.26"]

1. d4 Nf6 2. c4 d6 3. Nf3 g6 4. g3 Bg7 5. Nc3 Bf5 6. Bg2 Ne4 7. Nd2 Nxc3 8. bxc3
Qc8 9. Qb3 Nc6 10. O-O O-O 11. Ba3 Rb8 12. c5 Na5 13. Qa4 b6 14. Rfc1 dxc5 15.
dxc5 Qe6 16. e3 Rfd8 17. Nb3 Nxb3 18. axb3 a5 19. c6 Rd2 20. Qf4 Be5 21. Qh4 Bd6
22. Bxd6 Qxd6 23. b4 a4 24. h3 b5 25. Qh6 Be6 26. e4 Rd8 27. Qg5 Bc4 28. e5 Qe6
29. Qe3 Re2 30. Qa7 Qxe5 31. Bf1 Re4 32. Bg2 Re2 33. Bf1 Red2 34. Bxc4 bxc4 35.
Re1 Qf6 36. Rxa4 Qxc6 37. Raa1 Qf6 38. Rf1 Qxc3 39. b5 Qe5 40. Rae1 Qd6 41. Rc1
Rd4 42. Rfe1 e6 43. Qb7 Qc5 44. Ra1 Rd2 45. Rf1 c3 46. Ra6 R2d6 47. Rc6 Rxc6 48.
bxc6 c2 49. Qxc7 Rd1 50. Qb8+ Kg7 51. Qb2+ e5 0-1

[Event "World Rapid Women 2017"]
[Site "Riyadh KSA"]
[Date "2017.12.28"]
[Round "11.9"]
[White "Khotenashvili, Bela"]
[Black "Zimina, Olga"]
[Result "1-0"]
[WhiteTitle "GM"]
[BlackTitle "IM"]
[WhiteElo "2476"]
[BlackElo "2415"]
[WhiteFideId "13602640"]
[BlackFideId "4132190"]
[EventDate "2017.12.26"]

1. c4 c6 2. d4 d5 3. Nf3 Nf6 4. Nc3 dxc4 5. e4 b5 6. Be2 b4 7. Na4 Nxe4 8. Bxc4
Nd6 9. Bd3 g6 10. Bf4 Bg7 11. Qd2 Qa5 12. b3 O-O 13. Rc1 Bf5 14. O-O Bxd3 15.
Qxd3 Qf5 16. Qe3 Qe4 17. Qd2 Nd7 18. Rfe1 Qd5 19. Qxb4 Nf5 20. Nc3 c5 21. Nxd5
cxb4 22. Nxe7+ Nxe7 23. Rxe7 Nb6 24. Rb7 Nd5 25. Be5 Rfc8 26. Rc5 Bf8 27. Rxc8
Rxc8 28. h4 Rc1+ 29. Kh2 Rc2 30. Rxa7 Rxf2 31. Ra8 Nb6 32. Rd8 Rxa2 33. Bc7 Ra6
34. Ne5 f6 35. Bxb6 Rxb6 36. Rxf8+ Kg7 37. Rf7+ Kg8 38. Nd7 Rd6 39. Re7 f5 40.
d5 h6 41. Kg3 g5 42. h5 Kh8 43. Kf3 Kg8 44. Ke3 Ra6 45. Kd4 Ra2 46. d6 Rxg2 47.
Nf6+ Kf8 48. Nh7+ Kg8 49. Nf6+ Kf8 50. Rh7 g4 51. d7 Rd2+ 52. Ke5 g3 53. Nd5 1-0

[Event "World Rapid Women 2017"]
[Site "Riyadh KSA"]
[Date "2017.12.28"]
[Round "11.10"]
[White "Bodnaruk, Anastasia"]
[Black "Tokhirjonova, Gulrukhbegim"]
[Result "1/2-1/2"]
[WhiteTitle "IM"]
[BlackTitle "WGM"]
[WhiteElo "2428"]
[BlackElo "2329"]
[WhiteFideId "4181751"]
[BlackFideId "14203626"]
[EventDate "2017.12.26"]

1. e4 e5 2. Nf3 Nc6 3. Bb5 a6 4. Ba4 Nf6 5. O-O Be7 6. Re1 b5 7. Bb3 d6 8. c3
O-O 9. h3 Nb8 10. d4 Nbd7 11. Nbd2 c5 12. Nf1 cxd4 13. cxd4 Bb7 14. Ng3 exd4 15.
Nxd4 Nc5 16. Bc2 Re8 17. b4 Ne6 18. Ndf5 Bf8 19. Bb2 Rc8 20. Bb3 Ng5 21. f3 d5
22. Qd2 h6 23. e5 Nd7 24. Nd6 Nxe5 25. Nxb7 Nexf3+ 26. gxf3 Nxf3+ 27. Kf2 Nxd2
28. Nxd8 Rexd8 29. Nf5 Ne4+ 30. Kf3 Bxb4 31. Rg1 Ng5+ 32. Ke2 Re8+ 33. Kd3 f6
34. Nxh6+ gxh6 35. h4 Bc5 36. hxg5 Bxg1 37. Rxg1 fxg5 38. Bxd5+ Kh7 39. Be4+ Kg8
40. Bd5+ Kh7 41. Be4+ Kg8 42. Bd5+ Kh7 43. Be4+ Rxe4 44. Kxe4 Rc2 45. Rb1 Kg6
46. a3 h5 47. Be5 h4 48. Rf1 Rc4+ 49. Ke3 Kh5 50. Rf8 a5 51. Kf3 g4+ 52. Ke3 g3
53. Rg8 b4 54. axb4 Rxb4 55. Kf3 a4 56. Bf6 a3 57. Rg5+ Kh6 58. Ra5 Kg6 59. Bxh4
Rxh4 60. Kxg3 1/2-1/2

[Event "World Rapid Women 2017"]
[Site "Riyadh KSA"]
[Date "2017.12.28"]
[Round "11.11"]
[White "Batsiashvili, Nino"]
[Black "Lagno, Kateryna"]
[Result "1-0"]
[WhiteTitle "IM"]
[BlackTitle "GM"]
[WhiteElo "2502"]
[BlackElo "2547"]
[WhiteFideId "13602993"]
[BlackFideId "14109336"]
[EventDate "2017.12.26"]

1. d4 Nf6 2. c4 g6 3. Nc3 d5 4. cxd5 Nxd5 5. e4 Nxc3 6. bxc3 Bg7 7. Be3 c5 8.
Nf3 Qa5 9. Bd2 O-O 10. Be2 e6 11. O-O Qc7 12. Bg5 Nd7 13. Qd2 Re8 14. Bh6 b6 15.
h4 Bb7 16. e5 Rad8 17. Bxg7 Kxg7 18. Qf4 cxd4 19. cxd4 Qc2 20. Ng5 Qf5 21. Qg3
h5 22. Bxh5 Rc8 23. Bg4 Qc2 24. Qf4 Rf8 25. Rac1 Qxa2 26. Rxc8 Bxc8 27. h5 f5
28. exf6+ Nxf6 29. Qc7+ Kh6 30. Nf7+ Kh7 31. Qe7 gxh5 32. Qxf6 Qc2 33. Ng5+ Kg8
34. Bxe6+ Bxe6 35. Qxe6+ Kg7 36. Qe7+ Kg8 37. Ne6 1-0

[Event "World Rapid Women 2017"]
[Site "Riyadh KSA"]
[Date "2017.12.28"]
[Round "11.12"]
[White "Ushenina, Anna"]
[Black "Girya, Olga"]
[Result "1/2-1/2"]
[WhiteTitle "GM"]
[BlackTitle "WGM"]
[WhiteElo "2416"]
[BlackElo "2484"]
[WhiteFideId "14110911"]
[BlackFideId "4195752"]
[EventDate "2017.12.26"]

1. d4 Nf6 2. Nf3 d5 3. c4 e6 4. Nc3 Bb4 5. e3 c5 6. Bd3 cxd4 7. exd4 dxc4 8.
Bxc4 O-O 9. O-O b6 10. Bg5 Bb7 11. Ne5 Nbd7 12. Nxd7 Qxd7 13. Bxf6 gxf6 14. d5
Bxc3 15. bxc3 Bxd5 16. Qg4+ Kh8 17. Qh4 Bxc4 18. Qxf6+ Kg8 19. Qg5+ Kh8 20. Qf6+ 1/2-1/2

[Event "World Rapid Women 2017"]
[Site "Riyadh KSA"]
[Date "2017.12.28"]
[Round "11.14"]
[White "Vijayalakshmi, Subbaraman"]
[Black "Cramling, Pia"]
[Result "0-1"]
[WhiteTitle "IM"]
[BlackTitle "GM"]
[WhiteElo "2357"]
[BlackElo "2450"]
[WhiteFideId "5004098"]
[BlackFideId "1700030"]
[EventDate "2017.12.26"]

1. Nf3 d5 2. g3 g6 3. Bg2 Bg7 4. O-O e5 5. d3 Ne7 6. c4 dxc4 7. dxc4 Qxd1 8.
Rxd1 O-O 9. Nc3 c6 10. Ne4 Nf5 11. b3 Nd7 12. Ba3 Re8 13. e3 Nf6 14. Nfg5 a5 15.
Nxf6+ Bxf6 16. Ne4 Bg7 17. g4 Nh4 18. h3 Nxg2 19. Kxg2 Be6 20. g5 b5 21. cxb5
cxb5 22. Nf6+ Bxf6 23. gxf6 a4 24. b4 Red8 25. Bb2 Rxd1 26. Rxd1 Bxa2 27. Bxe5
h6 28. Kf3 Be6 29. h4 a3 30. Ba1 a2 31. Ke2 Ra3 32. Rd8+ Kh7 33. Rd6 Bc4+ 34.
Ke1 Rb3 35. e4 Rh3 36. Rd1 Rxh4 37. e5 Bb3 38. Rc1 Rxb4 39. Kd2 Be6 0-1

[Event "World Rapid Women 2017"]
[Site "Riyadh KSA"]
[Date "2017.12.28"]
[Round "11.15"]
[White "Vo, Thi Kim Phung"]
[Black "Padmini, Rout"]
[Result "0-1"]
[WhiteTitle "WGM"]
[BlackTitle "IM"]
[WhiteElo "2380"]
[BlackElo "2324"]
[WhiteFideId "12401838"]
[BlackFideId "5029295"]
[EventDate "2017.12.26"]

1. d4 Nf6 2. c4 e6 3. Nc3 d5 4. cxd5 exd5 5. Bg5 c6 6. Qc2 Be6 7. e3 Nbd7 8. Bd3
h6 9. Bh4 g5 10. Bg3 Nh5 11. Nge2 Nxg3 12. hxg3 Qf6 13. f3 h5 14. O-O-O O-O-O
15. Kb1 Kb8 16. Rhf1 Qe7 17. Rde1 Bg7 18. f4 gxf4 19. exf4 Bg4 20. Bf5 Qf6 21.
Bd3 Rhe8 22. Qd2 Re7 23. Bc2 Nb6 24. b3 Rde8 25. Bd3 Re3 26. f5 Qe7 27. Nd1 Rxd3
28. Qxd3 Bxe2 29. Qc2 Bxd4 30. Rh1 Bf6 31. Rxh5 Bxd1 32. Rxd1 Qe5 33. Kc1 Qa1+
34. Kd2 Qd4+ 35. Kc1 Qe3+ 36. Qd2 Qc5+ 37. Kb1 Nc8 38. g4 Nd6 39. Qc2 Qb4 40. g5
Be5 41. g6 Ne4 42. Rh3 fxg6 43. fxg6 Nc3+ 44. Rxc3 Qxc3 45. Qxc3 Bxc3 46. Kc2
Bg7 47. Kd3 Re6 48. g4 Rxg6 49. Rg1 Bf6 50. Ke3 Bg5+ 51. Kf3 Rf6+ 52. Kg3 Re6
53. Rh1 Re3+ 54. Kf2 Re7 55. Rh8+ Kc7 56. Rg8 Be3+ 57. Ke2 Bd4+ 58. Kd3 Bg7 59.
a4 c5 60. g5 a6 61. g6 b5 62. Ra8 c4+ 63. Kc2 Kb6 64. axb5 axb5 65. b4 d4 66.
Rb8+ Rb7 67. Rd8 d3+ 68. Kd2 Re7 69. Rb8+ Kc6 70. Rc8+ Kb7 71. Rc5 Kb6 72. Rf5
Re2+ 73. Kd1 c3 74. Rd5 c2+ 0-1

[Event "World Rapid Women 2017"]
[Site "Riyadh KSA"]
[Date "2017.12.28"]
[Round "11.16"]
[White "Shuvalova, Polina"]
[Black "Mkrtchian, Lilit"]
[Result "1-0"]
[WhiteTitle "WIM"]
[BlackTitle "IM"]
[WhiteElo "2385"]
[BlackElo "2376"]
[WhiteFideId "24171760"]
[BlackFideId "13300601"]
[EventDate "2017.12.26"]

1. d4 Nf6 2. c4 e6 3. Nf3 b6 4. g3 Ba6 5. b3 Bb4+ 6. Bd2 Be7 7. Nc3 d5 8. cxd5
exd5 9. Bg2 O-O 10. O-O Nbd7 11. Ne5 Bb7 12. Qc2 Re8 13. Rfd1 Bd6 14. Nc4 Bf8
15. Bf4 Rc8 16. Ne5 c5 17. Nxd7 Qxd7 18. dxc5 Bxc5 19. Qd3 Qe6 20. e3 Red8 21.
Bg5 Be7 22. Rac1 h6 23. Bxf6 Bxf6 24. Ne2 Rxc1 25. Rxc1 Qe7 26. Rc2 Be5 27. h3
g6 28. h4 h5 29. Bf3 Qf6 30. Kg2 Kg7 31. Rd2 Qe7 32. Nd4 Qf6 33. Qb5 a6 34. Qd3
Bc8 35. Rc2 Bb7 36. Ne2 Rd6 37. b4 Rd8 38. a4 Qe7 39. b5 axb5 40. axb5 Qb4 41.
Nd4 Bxd4 42. Qxd4+ Qxd4 43. exd4 Rd7 44. Ra2 Kf6 45. Ra7 Ke7 46. g4 hxg4 47.
Bxg4 f5 48. Bf3 Kd6 49. Kg3 Rh7 50. Bg2 Ke6 51. Bf3 Kd6 52. Bd1 Ke6 53. Be2 Kd6
54. Kf4 Rxh4+ 55. Kg5 Rh7 56. Kxg6 Re7 57. Bd3 f4 58. Kf6 Rc7 59. Bf5 f3 60. Bg4
Rh7 61. Bc8 Rh8 62. Bxb7 Rh7 63. Ra8 Rxb7 64. Rd8+ Kc7 65. Ke7 1-0

[Event "World Rapid Women 2017"]
[Site "Riyadh KSA"]
[Date "2017.12.28"]
[Round "11.18"]
[White "Batchimeg, Tuvshintugs"]
[Black "Nechaeva, Marina"]
[Result "0-1"]
[WhiteTitle "IM"]
[BlackTitle "IM"]
[WhiteElo "2398"]
[BlackElo "2424"]
[WhiteFideId "4900839"]
[BlackFideId "4149351"]
[EventDate "2017.12.26"]

1. d4 d5 2. c4 c6 3. Nf3 Nf6 4. Nc3 e6 5. Bg5 Nbd7 6. Qc2 h6 7. Bd2 Bd6 8. e4
dxe4 9. Nxe4 Nxe4 10. Qxe4 c5 11. Qg4 Qf6 12. Bc3 cxd4 13. Nxd4 O-O 14. Be2 e5
15. Nb5 Bb8 16. Rd1 a6 17. Na3 Nc5 18. Qf3 Qxf3 19. Bxf3 e4 20. Be2 Be6 21. O-O
Ba7 22. b4 Nd3 23. Bxd3 exd3 24. Rxd3 Rfc8 25. c5 Bxa2 26. Rg3 g6 27. Bd4 Be6
28. Rc1 Bb8 29. Rgc3 Bf4 30. Be3 Be5 31. Rd3 Rd8 32. Rcd1 Rxd3 33. Rxd3 g5 34.
h3 a5 35. b5 a4 36. g4 Bb3 37. Rd7 Bb2 38. Nb1 a3 39. Nxa3 Rxa3 40. Kg2 Be6 41.
Rd8+ Kg7 42. c6 bxc6 43. bxc6 Bf6 44. c7 Rc3 45. Bb6 Rc6 46. Ba5 Be5 0-1